Political philosophy of hobbes: its basis and its genesis (Record no. 420023)

000 -LEADER
fixed length control field 00456cam a22001337a 4500
008 - FIXED-LENGTH DATA ELEMENTS--GENERAL INFORMATION
fixed length control field 180718b1952 xxu||||| |||| 00| 0 eng d
082 ## - DEWEY DECIMAL CLASSIFICATION NUMBER
Classification number B2x42 H652 St82
100 ## - MAIN ENTRY--PERSONAL NAME
Personal name Strauss, Leo
245 ## - TITLE STATEMENT
Title Political philosophy of hobbes: its basis and its genesis
Statement of responsibility, etc. by Leo Strauss
260 ## - PUBLICATION, DISTRIBUTION, ETC.
Place of publication, distribution, etc. Chicago
Name of publisher, distributor, etc. University of Chicago
Date of publication, distribution, etc. 1952
300 ## - PHYSICAL DESCRIPTION
Extent xx, 172p
650 ## - SUBJECT ADDED ENTRY--TOPICAL TERM
Topical term or geographic name entry element Political science --Great Britain --History --17th century.
650 ## - SUBJECT ADDED ENTRY--TOPICAL TERM
Topical term or geographic name entry element Hobbes, Thomas, 1588-1679
Holdings
Withdrawn status Lost status Damaged status Not for loan Permanent Location Current Location Date acquired Full call number Barcode Date last seen Price effective from Koha item type
        Indian Institute of Public Administration Indian Institute of Public Administration 2009-07-10 B2x42 H652 St82 35539 2025-01-29 2018-07-21 Book

Powered by Koha